Discographie Damso - Statistiques

Statistiques générales
  • Ce quiz a été pris 2 280 fois
  • Le résultat moyen est 28 sur 63
Statistiques - réponses
Batterie faible % Correct
Macarena
81%
Vitrine
78%
Mwaka Moon
75%
Mosaïque Solitaire
71%
Amnésie
70%
Rêves bizarres
70%
BruxellesVie
69%
Ipseité
68%
Julien
67%
Autotune
65%
Nwaar is the new black
63%
Une âme pour deux
62%
Périscope
60%
Feu de bois
59%
Signaler
59%
Dieu ne ment Jamais
58%
Kietu
58%
Pinocchio
55%
Smog
55%
Débrouillard
54%
Peur d'être père
54%
Graine de sablier
53%
J respect R
52%
Mobali
52%
Monde
52%
Kin la belle
50%
Silence
50%
Gova
49%
Paris c'est loin
49%
William
48%
Baltringue
46%
Lové
46%
60 années
45%
Noche
45%
Introduction
44%
#QueDuSaalVie
44%
Festival de reves
42%
Humain
42%
Exutoire
41%
113
40%
Noob saibot
40%
Beautiful
36%
Sombre
32%
QueDeLaVie
31%
NMI
30%
Quotidien de baisé
29%
Tieks
29%
Mort
28%
Noir meilleur
28%
Perplexe
28%
RVRE
28%
Aux paradis
26%
CQFD
26%
Smeagol
25%
Tard la night
24%
Même issue
22%
Tueurs
22%
Fais-moi un vie
20%
Mucho Dinero
19%
Poséidon
13%
Dix leurs
12%
Jean Reno
12%
Iscariote
7%
Aucun quiz correspondant
Distribution des résultats
% des personnes avec chaque résultat
Percentile par nombre de réponses
Votre historique - résultats
Vous n’avez pas pris ce quiz